Регионална библиотека "Любен Каравелов" - Русе

Le tribunal international (Запис номер 405177)

MARC детайли
000 -Лидер
Контролно поле с фиксирана дължина 01657nam a2200385 c 4500
003 - Код на организацията, давaща контролен номер
Контролно поле BLK
005 - Дата и час на последна редакция
Контролно поле 20210402162638.0
008 - Елементи от данни с фиксирана дължина
fixed length control field 210402b bul|||||r ||||||| ||bul||
040 ## - Източник на каталожния запис
Идентификатор на билиотеката - собственик на записа BLK
041 ## - Код за език
Код за езика на текст/звукозапис или на отделно заглавие Френски
Код за езика КДБФ Френски
080 ## - УДК
Текстов определител УДК Международен арбитраж - Международна подсъдност, международни спорове, мирни принудителни мерки, международни съдилища(напр. Европейски съд) и др.
УДК код - определител по УДК 341.6
УДК - код + определител 341.6
100 ## - Редна дума - Автор
Автор Kamarowsky, Léonide
Авторска отговорност първи автор
R(LIN) 446367
139 ## - Редно поле
Редна дума Kamarowsky, Léonide
245 ## - Сведения за заглавието
Заглавие Le tribunal international
Редно поле (дума) Léonide Kamarowsky
257 ## - Страна на издаване
Страна на създаване/издаване Франция
260 ## - Област на издателските данни
Място на издаване, разпространение и проч. Paris
Име на издателя, разпространителя и проч. A. Durand et Pedone Lauriel
Година на издаване 1887
9 (RLIN) 435699
300 ## - Физическа характеристика
Страници XXXIV, 528 с.
Размери/Мащаб 21 см
380 ## - Жанр
Жанр Обществени науки
490 ## - СЕРИИ (Колекции)
9 (RLIN) 435080
Име на серия Колекция Редки и ценни издания
650 #4 - Допълнително описание по предмет – тема
Основно описание – тема или топоним Международни съдилища
9 (RLIN) 292658
650 #4 - Допълнително описание по предмет – тема
Основно описание – тема или топоним Международно право
9 (RLIN) 243772
653 ## - Ключова дума – ненормативна
Ключова дума международно право
653 ## - Ключова дума – ненормативна
Ключова дума международни съдилища
852 ## - Местоположение
Форматна сигнатура Цб 3.215.14211
856 4# - Електронен адрес и достъп
Електронен формат pdf - файл
856 4# - Електронен адрес и достъп
Електронен формат pdf - файл
999 ## - СИСТЕМНИ КОНТРОЛНИ НОМЕРА
Koha biblionumber 405177
Koha biblioitemnumber 405177
942 ## - АРТИКУЛИ
Вид на библиотечния материал Книги
Скрит в OPAC Не
Периодичен библиозапис Да
944 ## - СЪЗДАВАНЕ И РЕДАКЦИЯ на ЗАПИСА
Създаване/Редакция Създаване
Дата на регистрацията/редакция 2021-04-02
Служител, извършил регистрацията/редакцията ДГ
Наличности
Код за отписване Код за изгубен артикул Източник на класификационната схема Код за повреда Коз за рестрикции Код за отдаване Артикулен № Име на библиотеката - собственик Име на библиотеката, в която се намира в момента Статус (Текущо местоположение) Дата на вписване в системата Местоположение - отдел Цена в лева Инвентарен номер Систематично азбучна сигнатура Баркод Цена в евро Служебен тип на артикула
  Не е изгубен Universal Decimal Classification Не е повреден само за читалня Специални фондове ( старопечатни, редки и ценни, фонд М. Арнаудов) 854980 Регионална библиотека "Любен Каравелов" Русе Регионална библиотека "Любен Каравелов" Русе Редки и ценни 2021-09-24 Редки и ценни 1.06 14211 Рф 887 900000044301 0.54 Книги
Vip Innovations Ltd, Rousse, Bulgaria 2025